| 000 | 00474cam a2200205ua 4500 | ||
|---|---|---|---|
| 020 | _cRs.6.50 | ||
| 041 |
_aeng _h |
||
| 082 |
_a500.2 _bMAD/PO |
||
| 100 | _aMadhu, . | ||
| 245 |
_aPolytechnic general science / _cMadhu. _hTextual Documents |
||
| 250 |
_a1 / _b. |
||
| 260 |
_aTrichur : _bT.D.Warrier , _c1965. |
||
| 300 | _a ; . | ||
| 365 | _aRs.6.50 | ||
| 504 | _a | ||
| 700 | 1 | _aMoideen, . | |
| 942 | _cBK | ||
| 999 |
_c119 _d119 |
||